| 000 | 00571nam a2200193 4500 | ||
|---|---|---|---|
| 001 | 9176 | ||
| 003 | BD-RjUL | ||
| 005 | 20211208234730.0 | ||
| 008 | 200114s1966 pk ||||| |||| 00| 0 eng d | ||
| 035 | _a(BD-RjUL)9221 | ||
| 040 |
_aBD-RjUL _beng _cBD-RjUL |
||
| 041 | _aeng | ||
| 082 |
_a347 _bABC 1966 _223 |
||
| 100 |
_aAbdul-Aziz, Kazi _928477 |
||
| 245 |
_aCommentaries on the registration act, 1908 (XVI of 1908) : _bas amended up to date / _cKazi Abdul-Aziz |
||
| 260 |
_aPakistan : _bKarachi, N.B. Kazi , _c1966 |
||
| 300 |
_axxii, 175 p. ; _c 22 cm. |
||
| 942 |
_2ddc _cBK |
||
| 999 |
_c9176 _d9176 |
||